000 01029nam a22002537a 4500
999 _c63673
_d63673
005 20240530110653.0
008 171216s2015 ua ao g b 000 0 ara d
017 _a2015/27209
_bمصر. دار الكتب
020 _a9789777950343
040 _aEG-CaGPL
_cEG-CaGPL
082 0 4 _221
_a327.1\
_bف إ
100 1 _aفريدمان ، جورج
245 1 2 _aالامبراطورية و الجمهورية فى عالم متغير /
_cجورج فريدمان ؛ ترجمة احمد محمود
250 _aط.1
260 _aالقاهرة :
_bالدار المصرية اللبنانية ،
_c2016 .
300 _a327 ص. ؛
_c22 سم.
504 _aيشتمل على ارجاعات ببليوجرافية
650 0 7 _2qrmak
_aالازمة المالية
651 0 7 _2qrmak
_aالعالم
_xالاحوال السياسية
651 0 7 _2qrmak
_aاسرائيل
_xالاحوال السياسية
700 0 _aاحمد محمود
_eمترجم
942 _2ddc
_cBK